000
00304nam a22001337a 4500
003
OSt
005
20220221133131.0
008
220221b |||||||| |||| 00| 0 eng d
040
_c
HU
082
_a
669
100
_a
Avitzur
_9
31012
245
_a
Metal Forming Processes & Analysis
942
_2
ddc
_c
BOOKS
_n
0
999
_c
31017
_d
31017